00902 2200325 4500001002100000005001500021035002000036007000300056040001700059100003100076245006900107250001200176300004200188504002400230020002200254041000800276082001000284084001600294090002100310264003900331336002100370337003000391338002300421500002200444650002100466850001000487008004100497990001900538990001900557INLIS00000000000567620260426011650 a0010-0222000766ta aSBPUPADbind0 aNunung Yuli EtiePengarang1 aKeanekaragaman Kekayaan Laut dan Samudra Kita /cNunung Yuli Eti a.-cet.1 aiv, 84 hlm. :billus. ;c25 x 17,5 cm aBibliografi, hlm 83 a978-979-662-478-20 aind a333.8 a333.8 ETI k a333.79 TUT e 9-5 a.--Bandung :bCempaka Putih,c2011 2rdacontentaTeks 2rdamediaaTanpa Perantara 2rdacarrieraVolume aGlosarium, Hal 81 4aLaut Dan Samudra aPUPAD260426 0  a506/S/KAPD.PDG a507/S/KAPD.PDG